| 000 | 00515nab a2200157 4500 | ||
|---|---|---|---|
| 003 | ES-SlBCS | ||
| 005 | 20210327231225.0 | ||
| 008 | 151019s2015 sp ||||| |||| 00| 0 spa d | ||
| 040 |
_aES-SlBCS _bspa |
||
| 100 | 1 |
_aHernández de la Fuente, David _9125514 |
|
| 245 | 1 | 0 |
_aMitología clásica y medicina _cDavid Hernández de la Fuente |
| 650 | 0 | 4 |
_aMitología Clásica _991119 |
| 650 | 0 | 4 |
_aMedicina _914377 |
| 773 | 0 |
_gNº 784, 2015, págs. 72-82 _tCuadernos Hispanoamericanos _wRev1135 _x1131-250X |
|
| 942 |
_2lcc _cAR |
||
| 999 |
_c854246 _d854246 |
||